[Event "Dulles Skyline op 3rd"]
[Site "Dulles"]
[Date "2024.10.14"]
[Round "8"]
[White "Levine, Owen"]
[Black "Slade, Theodore Luke"]
[Result "0-1"]
[WhiteElo "1933"]
[BlackElo "2082"]
[PlyCount "58"]
[EventDate "2024.10.10"]
[EventType "swiss"]
[EventRounds "9"]
[EventCountry "USA"]
[SourceTitle "CB43_2024"]
[Source "Chessbase"]
[SourceDate "2024.10.23"]
[SourceVersion "1"]
[SourceVersionDate "2024.10.23"]
[SourceQuality "1"]

1. e4 e5 2. Nf3 Nc6 3. Bc4 Bc5 4. c3 Nf6 5. d3 d6 6. 0-0 0-0 7. a4 a5 8. h3 Ba7 9. Re1 Be6 10. Nbd2 h6 11. Bxe6 fxe6 12. Nf1 Nh5 13. Be3 Bxe3 14. Rxe3 Nf4 15. Kh2 Qe8 16. g3 Nh5 17. Rc1 Rf6 18. N1d2 Qf7 19. Qb3 Rb8 20. Qb5 d5 21. exd5 exd5 22. Qb3 Rf8 23. Kg2 Kh8 24. Rf1 e4 25. dxe4 dxe4 26. Nh4 Rxf2+ 27. Rxf2 Qxf2+ 28. Kh1 Nxg3+ 29. Rxg3 Qxg3 0-1

[Event "Dulles Skyline op 3rd"]
[Site "Dulles"]
[Date "2024.10.13"]
[Round "7"]
[White "Slade, Theodore Luke"]
[Black "Zhuang, Kyle"]
[Result "1/2-1/2"]
[WhiteElo "2082"]
[BlackElo "2088"]
[PlyCount "137"]
[EventDate "2024.10.10"]
[EventType "swiss"]
[EventRounds "9"]
[EventCountry "USA"]
[SourceTitle "CB43_2024"]
[Source "Chessbase"]
[SourceDate "2024.10.23"]
[SourceVersion "1"]
[SourceVersionDate "2024.10.23"]
[SourceQuality "1"]

1. d4 Nf6 2. c4 g6 3. Nc3 Bg7 4. e4 d6 5. Nf3 0-0 6. Be2 e5 7. Be3 Nbd7 8. 0-0 c6 9. d5 c5 10. Qc2 h6 11. Rae1 Ne8 12. g4 Ndf6 13. h3 h5 14. g5 Nh7 15. Kg2 f5 16. gxf6 Bxf6 17. Rh1 Ng5 18. Reg1 Nxf3 19. Bxf3 Bg5 20. Bxg5 Qxg5+ 21. Kf1 Qh6 22. Ke2 Kh7 23. Qc1 Bd7 24. Rg3 Nc7 25. Qxh6+ Kxh6 26. Rhg1 Rf6 27. Bg2 Raf8 28. Nd1 b5 29. b3 Bc8 30. Bf1 bxc4 31. bxc4 Na8 32. Ra3 R8f7 33. Rgg3 Nb6 34. Rgf3 Rf4 35. Rxf4 Rxf4 36. Nc3 a6 37. Ke1 Kg7 38. Rb3 Nd7 39. Ke2 Kf7 40. f3 Ke7 41. a4 g5 42. a5 Nf6 43. Rb8 Bd7 44. Ra8 g4 45. hxg4 hxg4 46. Bg2 gxf3+ 47. Bxf3 Bg4 48. Bxg4 Rxg4 49. Kd3 Rg3+ 50. Kc2 Rg2+ 51. Kd3 Rg3+ 52. Kc2 Rg2+ 53. Kb3 Rg3 54. Ra7+ Kd8 55. Kc2 Rg2+ 56. Kb3 Rg3 57. Kc2 Rg2+ 58. Kd3 Rg3+ 59. Kd2 Rg2+ 60. Kd3 Rg3+ 61. Kd2 Rg2+ 62. Kd1 Rg1+ 63. Ke2 Rg2+ 64. Kd1 Rg1+ 65. Kc2 Rg2+ 66. Kc1 Rg1+ 67. Kd2 Rg2+ 68. Kc1 Rg1+ 69. Kc2 1/2-1/2

[Event "Dulles Skyline op 3rd"]
[Site "Dulles"]
[Date "2024.10.12"]
[Round "4"]
[White "Wang, Lilian"]
[Black "Slade, Theodore Luke"]
[Result "0-1"]
[WhiteElo "1810"]
[BlackElo "2082"]
[PlyCount "88"]
[EventDate "2024.10.10"]
[EventType "swiss"]
[EventRounds "9"]
[EventCountry "USA"]
[SourceTitle "CB43_2024"]
[Source "Chessbase"]
[SourceDate "2024.10.23"]
[SourceVersion "1"]
[SourceVersionDate "2024.10.23"]
[SourceQuality "1"]

1. e4 e5 2. Nf3 Nc6 3. d4 exd4 4. Nxd4 Bc5 5. Nb3 Bb6 6. Nc3 Nf6 7. Qe2 0-0 8. Be3 d5 9. 0-0-0 d4 10. Bg5 Qd6 11. Bxf6 Qxf6 12. Nd5 Qd6 13. Qd2 Be6 14. Nf4 Bxb3 15. axb3 Ba5 16. c3 Qe5 17. Kc2 dxc3 18. bxc3 Rfd8 19. Bd3 Bxc3 20. Qxc3 Qxf4 21. f3 Qg5 22. Rd2 a5 23. h4 Nb4+ 24. Qxb4 axb4 25. hxg5 Ra2+ 26. Kc1 Ra1+ 27. Bb1 Rxb1+ 28. Kxb1 Rxd2 29. Rc1 c6 30. Rc4 Rxg2 31. Rxb4 Rxg5 32. Rxb7 h5 33. Rd7 Rg3 34. Rd6 h4 35. Kc2 h3 36. Rd1 Rxf3 37. Rh1 g5 38. b4 Kg7 39. Kd2 g4 40. Ke2 Rb3 41. Rg1 g3 42. b5 cxb5 43. e5 h2 44. Rh1 g2 0-1